Introdutory plant biology

The book includes a relatively conventional sequence of botanical subjects: structure and function; meiosis and genetics; plant biotechnology; evolution; a five-kingdom system of classification; phylogenetic sequence, the diversity of organisms traditionally regarded as plants. The book also deals w...

Celý popis

Uloženo v:
Podrobná bibliografie
Hlavní autor: Kingsley R Stern
Médium: Kniha
Jazyk:Undetermined
Vydáno: Dubuque, Iowa WCB 1997
Témata:
Tagy: Přidat tag
Žádné tagy, Buďte první, kdo otaguje tento záznam!
Thư viện lưu trữ: Trung tâm Học liệu Trường Đại học Cần Thơ
LEADER 00990nam a2200205Ia 4500
001 CTU_32962
008 210402s9999 xx 000 0 und d
020 |b 278.000đ 
082 |a 581.1 
082 |b S839 
100 |a Kingsley R Stern 
245 0 |a Introdutory plant biology 
245 0 |c Kingsley R Stern 
260 |a Dubuque, Iowa 
260 |b WCB 
260 |c 1997 
520 |a The book includes a relatively conventional sequence of botanical subjects: structure and function; meiosis and genetics; plant biotechnology; evolution; a five-kingdom system of classification; phylogenetic sequence, the diversity of organisms traditionally regarded as plants. The book also deals with ethnobotanical aspects and information of general interest pertaining to sixteen major families of flowering plants. Finally, it gives an overview of the vast topic of ecology 
650 |a plant physiology 
904 |i Minh, 990910 
980 |a Trung tâm Học liệu Trường Đại học Cần Thơ